| 000 | 00558nam a22002171a 4500 | ||
|---|---|---|---|
| 001 | 2989 | ||
| 003 | OSt | ||
| 005 | 20260204211834.0 | ||
| 008 | 040521s1971||||mx ||||||b||||||||||spa|| | ||
| 020 | _a9681803833 | ||
| 050 | _aR 327.03 P693d | ||
| 082 | _aR 327 P693d | ||
| 100 | _aPlano, Jack C. | ||
| 245 | _aDiccionario de relaciones internacionales / Jack C. Plano | ||
| 264 | _aMéxico : Limusa | ||
| 300 | _a465 p. | ||
| 500 | _aIncluye indice | ||
| 650 | _a1.Relaciones Internacionales - Diccionario | ||
| 700 | _aOlton, RoyÌ | ||
| 942 |
_2ddc _cBK |
||
| 999 |
_c2989 _d2989 |
||